Представление документа в формате RUSMARC

ПолеНазваниеЗначение
  Тип записи a
  Библиографический уровень m
001 Контрольный номер UONB/MAIN/4211fde10fdf43d28bac06eafe329dd5
005 Дата корректировки 20260413163545.3
010 Индекс ISBN __
d Цена 1 р.
9 Тираж 1000 экз.
100 Данные общей обработки __
a Данные общей обработки 20260413d1989 u y0rusy0189 ca
101 Язык документа 0_
a Язык текста rus
102 Страна публикации __
a Страна публикации RU
105 Кодированные данные (монография) __
a Кодированные данные (монография) a z 001yy
200 Заглавие и сведения об ответственности 1_
a Заглавие Этиология, патогенез, клиника, лечение и профилактика бронхиальной астмы
e Сведения, относящиеся к заглавию сборник научных трудов
f Первые сведения об ответственности под редакцией Г. Б. Федосеева, Е. П. Успенской
g Последующие сведения об ответственности Всесоюзный научно-исследовательский институт пульмонологии
203 Вид содержания и тип средства __
a Вид содержания Текст
b Характеристика содержания визуальный
c Тип средства непосредственный
210 Выходные данные 1_
a Место издания Ленинград
c Издательство ВНИИП
d Дата издания 1989
215 Физическое описание __
a Объем 155 с.
c Иллюстрации/тип воспроизводства ил.
d Формат 22 см
320 Библиография __
a Библиография Библиогр. в конце ст.
606 Тематические рубрики 0_
a Основная рубрика Астма бронхиальная
j Формальный подзаголовок Сборники
610 Ключевые слова 0_
a Ключевые слова астма бронхиальная; лечение астмы; этиология астмы
675 Индекс УДК __
a Индекс УДК 616В
686 Индексы других классификаций __
a Классификационный индекс 54.122
2 Код системы rubbk
702 Вторичная интеллектуальная ответственность _1
a Фамилия Федосеев
b Имя (инициалы) Г. Б.
g Полное личное имя Глеб Борисович
4 Код отношения 340
702 Вторичная интеллектуальная ответственность _1
a Фамилия Успенская
b Имя (инициалы) Е. П.
4 Код отношения 340
712 Наименование организации (Вторичная ответственность) 02
a Организация/ юрисдикция Всесоюзный научно-исследовательский институт пульмонологии
4 Код отношения 570
801 Источник записи _0
a Страна RU
b Организация Ульяновская ОНБ
c Дата составления 20260413
g Правила каталогизации RCR
801 Источник записи _1
a Страна RU
b Организация Ульяновская ОНБ
c Дата составления 20260413
g Правила каталогизации RCR
901 Тип документа __
t Тип документа m
909 Создатель записи __
a Создатель записи Иличкина
b Дата создания записи 20260413